Regulácia prirodzených monopolov zostáva bez právnej normy

Právny rámec trhových vzťahov štátu s trhovou ekonomikou. Trhový mechanizmus, rovnosť a voľnosť trhu. Štátne zásahy do prirodzených monopolov (produkcia a rozvod energie, plynu, vody). Tendencia štátnej regulácie. Dôsledky absencie zákona o prirodzených monopoloch v SR, o regulácii týchto podnikov....

Ausführliche Beschreibung

Gespeichert in:
Bibliographische Detailangaben
1. Verfasser: Žitňanská, Lucia
Format: Buchkapitel
Sprache:Slowakisch
Schlagworte:
Tags: Tag hinzufügen
Keine Tags, Fügen Sie das erste Tag hinzu!

MARC

LEADER 00000naa a2200000 4500
001 r016185
005 20221213114659.6
041 0 |a slo 
044 |a SK 
245 1 0 |a Regulácia prirodzených monopolov zostáva bez právnej normy  |c Lucia Žitňanská 
520 |a Právny rámec trhových vzťahov štátu s trhovou ekonomikou. Trhový mechanizmus, rovnosť a voľnosť trhu. Štátne zásahy do prirodzených monopolov (produkcia a rozvod energie, plynu, vody). Tendencia štátnej regulácie. Dôsledky absencie zákona o prirodzených monopoloch v SR, o regulácii týchto podnikov. Spor o kompetencie regulačného úradu. 
610 2 0 |a monopoly prirodzené 
610 2 0 |a regulácia štátna 
610 2 0 |a intervencionizmus štátny 
610 2 0 |a hospodárstvo trhové 
610 2 0 |a predpisy právne 
610 2 0 |a Slovensko 
610 2 0 |a zákony 
100 1 |a Žitňanská, Lucia